000 00978cad a22002415a 4500
001 L129441
002 8184
008 050419s2005 xxk f 000 0 eng u
020 _a0415344115
_a9780203011201
035 _a(Sirsi) u129441
041 _aeng
050 _a692.5
_c22
100 _aSpain, Bryan
245 _aSpon's estimating costs guide to finishings
_bpainting, decorating, plastering and tiling - unit rates and project costs
260 _aLondon
_bTaylor and Francis
_c2005
300 _axxi, 254p.
_c22cm.
350 _a24.99
490 _aSpon's Contractors' Handbooks
520 _aIntends to provide accurate cost data for small plastering and painting firms to enable them to prepare estimates and quotations more quickly and accurately. Includes typical project costs for: painting and wallpapering; plasterwork; external work; floor and wall tiles; and rendering.
590 _aIKA190505
690 _aBUILT ENVIRONMENT-BUILDING COSTS
942 _n0
999 _c104194
_d104194